Teoria de las decisiones economicas en la empresa (Registro nro. 2224)
[ vista simple ]
| 000 -LEADER | |
|---|---|
| fixed length control field | 01271 a2200229 4500 |
| 001 - CONTROL NUMBER | |
| control field | 31887 |
| 005 - DATE AND TIME OF LATEST TRANSACTION | |
| control field | 20260407155621.0 |
| 008 - FIXED-LENGTH DATA ELEMENTS--GENERAL INFORMATION | |
| fixed length control field | 260407a1965 arg spa d |
| 003 - CONTROL NUMBER IDENTIFIER | |
| control field | AR-UNSa-BCEJYS |
| 040 ## - CATALOGING SOURCE | |
| Original cataloging agency | AR-UNSa-BCEJYS |
| Language of cataloging | spa |
| Transcribing agency | AR-UNSa-BCEJYS |
| 080 ## - UNIVERSAL DECIMAL CLASSIFICATION NUMBER | |
| Universal Decimal Classification number | 658.01 |
| Common auxiliary subdivision | Metodología. Teoría y práctica de la organización( teoria de la organización, análisis organizacional...) |
| 041 ## - LANGUAGE CODE | |
| Language code of text/sound track or separate title | spa |
| 100 1# - MAIN ENTRY--PERSONAL NAME | |
| Personal name | Barinaga Blanco, Jose Luis |
| 245 10 - TITLE STATEMENT | |
| Title | Teoria de las decisiones economicas en la empresa |
| 264 #1 - PRODUCTION, PUBLICATION, DISTRIBUTION, MANUFACTURE, AND COPYRIGHT NOTICE | |
| Place of production, publication, distribution, manufacture | México : |
| Name of producer, publisher, distributor, manufacturer | Herrero Hermanos Sucesores |
| Date of production, publication, distribution, manufacture, or copyright notice | 1965 |
| 300 ## - PHYSICAL DESCRIPTION | |
| Extent | 392 p. |
| Dimensions | 23 cm. |
| 505 ## - FORMATTED CONTENTS NOTE | |
| Formatted contents note | 1. Introducción - 2. Antecedentes de la teoria behaviorista de la empresa - 3. Los fines de la organización - 4. Las expectativas organizativas - 5. La elección en la organización - 6. Resumen de los conceptos básicos de la teoría behaviorista de la empresa - 7. Un modelo concreto del precio y de la cantidad - 8.Un modulo general de la determinación del precio y de la cantidad - 9. Un modelo de comportamiento racional en la administración de empresas - 10. Modelo de un banco de inversiones - 11. Algunas implicaciones. |
| 590 ## - LOCAL NOTE (RLIN) | |
| Local note | niveau_biblio:m niveau_hierar:0 |
| 700 1# - ADDED ENTRY--PERSONAL NAME | |
| Personal name | Cyert, Richard M. |
| 700 1# - ADDED ENTRY--PERSONAL NAME | |
| Personal name | March, James Gary |
| 942 ## - ADDED ENTRY ELEMENTS (KOHA) | |
| Koha item type | |
| Withdrawn status | Lost status | Damaged status | Not for loan | Home library | Current library | Shelving location | Date acquired | Total checkouts | Full call number | Barcode | Date last seen | Price effective from | Koha item type |
|---|---|---|---|---|---|---|---|---|---|---|---|---|---|
| Biblioteca Prof. Eusebio Cleto del Rey | Biblioteca Prof. Eusebio Cleto del Rey | 07/04/2026 | 658.01 C994 | L26117 | 07/04/2026 | 07/04/2026 | Libro | ||||||
| Biblioteca Prof. Eusebio Cleto del Rey | Biblioteca Prof. Eusebio Cleto del Rey | 07/04/2026 | 658.01 C994 | L21721 | 07/04/2026 | 07/04/2026 | Libro | ||||||
| Biblioteca Prof. Eusebio Cleto del Rey | Biblioteca Prof. Eusebio Cleto del Rey | 07/04/2026 | 658.01 C994 | L21720 | 07/04/2026 | 07/04/2026 | Libro | ||||||
| Biblioteca Prof. Eusebio Cleto del Rey | Biblioteca Prof. Eusebio Cleto del Rey | 07/04/2026 | 658.01 C994 | L26118 | 07/04/2026 | 07/04/2026 | Libro |